000 03175cam a2200313 4500500
005 20260208005443.0
041 _afre
042 _adc
100 1 0 _aMoeglin, Jean-Marie
_eauthor
245 0 0 _aRécrire l'histoire de la Guerre de Cent Ans. Une relecture historique et historiographique du traité de Troyes (21 mai 1420)
260 _c2013.
500 _a96
520 _aRésuméLa « Guerre de Cent ans » comme concept historiographique est d’abord le produit d’un discours sur la guerre et la paix tenu par les acteurs même de ce conflit, un discours qui construit la réalité historique autant qu’il est construit par elle. Ce discours traduit des enjeux politiques importants et il n’est pas resté identique tout au long de la période. La guerre est d’abord présentée comme « emprise » chevaleresque lancée par Édouard III contre l’usurpateur Philippe de Valois. Elle devient ensuite la guerre des deux royaumes de France et d’Angleterre à laquelle il faut mettre fin par l’établissement d’une paix finale. C’est sur cet arrière-plan qu’il faut comprendre la conclusion non seulement du traité de Brétigny-Calais en 1360 mais aussi du traité de Troyes en 1420. Mais cet enjeu a été ensuite volontairement gommé chez les historiens qui ont parlé du traité de Troyes. Dans l’historiographie française, la « Guerre de Cent ans » est devenue une guerre menée par un adversaire qui voulait faire disparaître le royaume de France en tant que pays indépendant mais qui, par contrecoup, avait provoqué la prise de conscience par la nation française elle-même de son identité.
520 _aThe “Hundred Years War” as historiographical concept is the product of a discourse on war and peace held by the actors himself of this conflict, a discourse which built the historical reality as much as it was built by it. This discourse remained not identical among the whole period. The war was first presented as a chivalric adventure launched by King Edward III against the usurper of “his” throne of France, Philipp of Valois. It then became the war of the two kingdoms of France and England one against the other which must be finished by the establishment of a “final peace”. That led to the conclusion of the Treaty of Brétigny-Calais in 1360 and also of the Treaty of Troyes in 1420. This was however deliberately hided by the subsequent French historians. In the French historiography, the “Hundred Years War” has become a war which intended to eradicate the Kingdom of France as an independent country.
690 _adiplomatie
690 _adiscours sur la guerre et la paix
690 _aécriture de l'histoire
690 _aGuerre de Cent ans
690 _anation
690 _aTraité de Troyes
690 _aDiplomacy
690 _aDiscourse on war and peace
690 _aHistorical writing
690 _aHundred Years War
690 _aNation
690 _aTreaty of Troyes
786 0 _nRevue historique | 664 | 4 | 2013-01-02 | p. 887-919 | 0035-3264
856 4 1 _uhttps://shs.cairn.info/revue-historique-2012-4-page-887?lang=fr&redirect-ssocas=7080
999 _c1652244
_d1652244